000 00276nam a22001337a 4500
008 180919b xxu||||| |||| 00| 0 eng d
020 _a9780684856780
041 _aeng
080 _a610
100 _a4
101 _aSHM
245 _aSurvivor
_cLandro, L
942 _2udc
_cBK
999 _c48074
_d48074